000 00385nam a2200157 i 4500
001 bg
100 1 _aDRAUS, Andrzej
245 0 _aVentura Publisher Gold Series v. 3.0 /
_cA. Draus.
260 _aWarszawa,
_c1991.
650 9 _aEdytory tekstu
040 _cBPK
041 _apol
080 _a655.1/.3:681.322.06:519.682
942 _cKS
008 s pl f |000 0 pol
999 _c5333
_d5333
856 _uhttp://koha.tu.koszalin.pl/cgi-bin/koha/opac-detail.pl?biblionumber=5333
_yKatalog online BPK